OLD TESTAMENT COVENANT A SUVERVEY OD CURRENTA OPINION

Guardado en:
Detalles Bibliográficos
Autor principal: Mccarthy, D.J (autor)
Formato: Libro
Etiquetas: Agrega una etiqueta
Sin etiquetas, Sé el primero en etiquetar este registro!

MARC

LEADER 00000nam^a2200000^a^4500
001 000208151
005 20250521000000.0
009 20260310103243.481
035 |a 000900 
037 |a Acervo Xavier Clavigero 
082 |a 220. 3  |b McC 
100 |a Mccarthy, D.J.  |e (autor) 
245 1 0 |a OLD TESTAMENT COVENANT A SUVERVEY OD CURRENTA OPINION 
264 |a OXFORD :  |b BASIL BLACKWELL,  |c 1973 
336 |a texto  |b txt  |2 rdacontenido 
337 |a sin mediación  |b n  |2 rdamedio 
338 |a volumen  |b nc  |2 rdasoporte 
649 |a XX 
910 |a Fondo General 
920 |a Impresos - Libros 
930 |a Colección General 
905 |a 101 
901 |a 000900  |b IT1  |c ACC  |i 000900  |u 20250521 
902 |a https://opac.biblio.iteso.mx/vufind/Record/000208151